Beginning with Black Quiz Stats

 Plays Quiz Updated Jan 20, 2017

Support Sporcle.
Go Orange.
Score 0/24 Timer 04:00
4 Plays Today
% Correct
Black Belt
94.8%
Black Friday
94.5%
Black Death
93.9%
Blackjack
93.8%
Black Hole
93.8%
Blackmail
93.5%
Black Eye
93.2%
Black Tie
93.1%
Black Magic
93%
Blacklist
92.2%
Black Box
92.1%
Black Sabbath
91.6%
% Correct
Blackbeard
90%
Black Beauty
89%
Black Hills
88.7%
Black Sox
87%
Black Forest
85%
Black Pearl
83.9%
Black Ship
78.2%
Black Knight
78%
Black Friar
77.4%
Black Prince
74.5%
Black Hand
74.2%
Black Bess
66.4%

You're not logged in!

Compare scores with friends on all Sporcle quizzes.
OR
Log In

From the Vault

NFL 2017 Rushing Leaders

by geodahero

No need to rush to finish this, you have plenty of time.
Remove Ads.
Support Sporcle.
Get the best of Sporcle when you Go Orange. This ad-free experience offers more features, more stats, and more fun while also helping to support Sporcle. Thank you for becoming a member.

Show Comments

Extras

Top Quizzes Today


Score Distribution

Your Account Isn't Verified!

In order to create a playlist on Sporcle, you need to verify the email address you used during registration. Go to your Sporcle Settings to finish the process.

Report this User

Report this user for behavior that violates our Community Guidelines.

Details: